| 000 | 01272nam a2200325Ia 4500 | ||
|---|---|---|---|
| 001 | ebr10510390 | ||
| 003 | CaPaEBR | ||
| 006 | m u | ||
| 007 | cr cn||||||||| | ||
| 008 | 110302s2011 enka s 001 0 eng d | ||
| 010 | _z 2011009321 | ||
| 020 | _z0470744588 | ||
| 020 | _z9780470744581 | ||
| 020 | _z9780470970287 | ||
| 040 |
_aCaPaEBR _cCaPaEBR |
||
| 035 | _a(OCoLC)786165564 | ||
| 050 | 1 | 4 |
_aQA76.73.C154 _bS78 2011eb |
| 100 | 1 | _aSturm, Oliver. | |
| 245 | 1 | 0 |
_aProfessional functional programming in C# _h[electronic resource] : _bclassic programming techniques for modern projects / _cOliver Sturm. |
| 246 | 3 | _aFunctional programming in C# | |
| 260 |
_aChichester, West Sussex, U.K. : _bWiley, _c2011. |
||
| 300 |
_axvii, 270 p. : _bill. |
||
| 500 | _aIncludes index. | ||
| 533 |
_aElectronic reproduction. _bPalo Alto, Calif. : _cebrary, _d2011. _nAvailable via World Wide Web. _nAccess may be limited to ebrary affiliated libraries. |
||
| 650 | 0 | _aC# (Computer program language) | |
| 650 | 0 | _aFunctional programming (Computer science) | |
| 655 | 7 |
_aElectronic books. _2local |
|
| 710 | 2 | _aebrary, Inc. | |
| 856 | 4 | 0 |
_uhttp://site.ebrary.com/lib/rucke/Doc?id=10510390 _zAn electronic book accessible through the World Wide Web; click to view |
| 999 |
_c222936 _d222936 |
||